| 000 | 00517nam a2200157Ia 4500 | ||
|---|---|---|---|
| 008 | 170224s9999 xx 000 0 und d | ||
| 100 | _aLotte Vermeulen | ||
| 245 | _a“I Play So I Am?” A Gender Study into Stereotype Perception and Genre Choice of Digital Game Players | ||
| 245 | _cLotte Vermeulen & Jan Van Looy | ||
| 260 | _bJournal of Broadcasting & Electronic Media | ||
| 260 | _cJune | ||
| 300 | _a60:2, Pages: 286-304 | ||
| 500 | _aJune | ||
| 650 | _xCommunication Arts | ||
| 650 | _xMultimedia Arts | ||
| 999 |
_c316165 _d316165 |
||